Dobrodružství Toma Sawyera /
Kniha o životě dětí na Mississippi ve 30. letech 19. století, ve které autor umělecky ztvárnil své vzpomínky na dětství. Kniha je součástí klasické literatury pro starší děti a mládež.
Uloženo v:
| Série: | Dobrodružství Toma a Hucka,
část 1 |
|---|---|
| Hlavní autor: | |
| Další autoři: | |
| Médium: | E-kniha |
| Jazyk: | Czech |
| Vydáno: |
V Praze :
Albatros,
2014
|
| Vydání: | 13. vydání v Albatrosu, 3. revidované v tomto překladu |
| Témata: | |
| On-line přístup: | Metodika (Čtenářské kluby) |
| Příbuzné jednotky: | Z cyklu::
Dobrodružství Toma a Hucka |
| Tagy: |
Žádné tagy |
| LEADER | 03410nam a2200541 i 4500 | ||
|---|---|---|---|
| 001 | 312765 | ||
| 003 | CZ PrSKC | ||
| 005 | 20260601215728.0 | ||
| 007 | ta | ||
| 008 | 250521s2025 xr af c 000 f cze | ||
| 015 | |a cnb003685853 | ||
| 020 | |a 9788000077598 |q (vázáno) : |c Kč 349,00 | ||
| 035 | |a (OCoLC)1527578011 | ||
| 040 | |a ABG001 |b cze |d BOA001 |e rda | ||
| 041 | 1 | |a cze |h eng | |
| 072 | 7 | |a 821.111(73)-3 |x Americká próza |2 Konspekt | |
| 072 | 7 | |a 821-93 |x Literatura pro děti a mládež (beletrie) |2 Konspekt | |
| 080 | |a 821.111(73)-31 |2 MRF | ||
| 080 | |a 821-93 |2 MRF | ||
| 080 | |a (0:82-311.3) |2 MRF | ||
| 100 | 1 | |a Twain, Mark, |d 1835-1910 |7 jn19981002263 |4 aut | |
| 240 | 1 | 0 | |a Adventures of Tom Sawyer. |l Česky |7 aun2007401846 |
| 245 | 1 | 0 | |a Dobrodružství Toma Sawyera / |c Mark Twain ; přeložila Jana Mertinová |
| 250 | |a 13. vydání v Albatrosu, 3. revidované v tomto překladu | ||
| 264 | 1 | |a V Praze : |b Albatros, |c 2014 | |
| 300 | |a 238 stran, 11 nečíslovaných listů obrazových příloh : |b ilustrace (některé barevné) ; |c 24 cm | ||
| 336 | |a text |b txt |2 rdacontent | ||
| 337 | |a bez média |b n |2 rdamedia | ||
| 338 | |a svazek |b nc |2 rdacarrier | ||
| 500 | |a Přeloženo z angličtiny | ||
| 500 | |a Vročení je chybné, správně má být: 2025 | ||
| 520 | 2 | |a Kniha o životě dětí na Mississippi ve 30. letech 19. století, ve které autor umělecky ztvárnil své vzpomínky na dětství. Kniha je součástí klasické literatury pro starší děti a mládež. |b Kniha zachycuje osudy amerických kluků, vztahy dětí mezi sebou i k dospělým. Výstižně čtenáři předvádí jejich dny naplněné darebáctvím i fantazií, romantikou i neustálým zápasem o osobní svobodu. Uličník a chytrák Tom, vychováván laskavou, ale bigotní tetou, zpočátku prožívá své obvyklé průšvihy. Poklidný život maloměsta jej ubíjí, proto se snaží rozptýlit nudu všelijakými lumpárnami. Při jednom nočním výletu se spolu s kamarádem Huckleberrym Finnem stane svědkem vraždy. A skutečné dobrodružství začíná nabírat na obrátkách. Nový, moderní překlad činí knihu srozumitelnější pro dnešní čtenáře, který tak může spolu s kamarády prožívat dobrodružný útěk z domova, pirátský život na pustém ostrově, nebo hledat poklad ve strašidelném domě. | |
| 521 | 8 | |a Pro čtenáře od 10 let | |
| 655 | 7 | |a americké romány |7 fd131796 |2 czenas | |
| 655 | 7 | |a dobrodružné romány |7 fd132061 |2 czenas | |
| 655 | 7 | |a publikace pro děti |7 fd133156 |2 czenas | |
| 655 | 9 | |a American fiction |2 eczenas | |
| 655 | 9 | |a adventure novels |2 eczenas | |
| 655 | 9 | |a children's literature |2 eczenas | |
| 700 | 1 | |a Mertinová, Jana, |d 1952- |7 jk01081308 |4 trl | |
| 787 | 0 | 8 | |i Z cyklu: |t Dobrodružství Toma a Hucka |g 1 |
| 856 | 4 | |u https://new.ctenarskekluby.cz/co-nabizime/lekce |y Metodika (Čtenářské kluby) |4 N | |
| 900 | |a ABA001 |b 20 | ||
| 928 | 9 | |a Albatros Media - Albatros | |
| 044 | |a xr | ||
| 910 | |a RBIT002 | ||
| 998 | |d 421400 |a https://core.palmknihy.cz/api/books/421400/cover?sz8ckm |b https://core.palmknihy.cz/api/books/421400/cover/400?sz8ckm |c https://core.palmknihy.cz/api/books/421400/cover/50?sz8ckm |e 2030-12-31 |g 262 |i 9788000077598 |j https://core.palmknihy.cz/api/books/421400/preview.epub |k https://core.palmknihy.cz/api/books/421400/preview.pdf |l |q 49 |r 1 |s https://www.palmknihy.cz/kniha/421400 |t ebook |y 2025 |z 0 | ||
| 999 | |d 312763 | ||